[Event "Olympiad-34"]
[Site "Istanbul"]
[Date "2000.11.01"]
[Round "5.2"]
[White "Macieja, Bartlomiej"]
[Black "Agrest, Evgenij"]
[Result "1/2-1/2"]
[WhiteElo "2536"]
[BlackElo "2554"]
[Annotator "Tsesarsky,I"]
[PlyCount "87"]
[EventDate "2000.10.28"]
[EventType "team-swiss"]
[EventRounds "14"]
[EventCountry "TUR"]
[SourceTitle "EXT 2001"]
[Source "ChessBase"]
[SourceDate "2000.11.22"]
[SourceVersion "1"]
[SourceVersionDate "2000.11.22"]
[SourceQuality "1"]
[WhiteTeam "Poland"]
[BlackTeam "Sweden"]
[WhiteTeamCountry "POL"]
[BlackTeamCountry "SWE"]

1. d4 Nf6 2. Nf3 e6 3. Bg5 h6 4. Bh4 b6 5. Nbd2 Bb7 6. e3 Be7 7. Bd3 d5 8. Ne5
a6 {Not the best move.} (8... O-O 9. f4 (9. Bxf6 Bxf6 10. f4 c5 11. c3 Bxe5 (
11... Ba6 $11) 12. fxe5 $11 {1/2-1/2 Karlik,V-Cempel,J/CZE 1996/EXT 2000 (46)})
(9. Qf3 Nbd7 10. Bg3 Nxe5 11. Bxe5 Nd7 12. Bf4 Bd6 13. O-O Bxf4 14. exf4 c5 15.
c3 $11 {0-1 Vunder,A-Pozdniakov,S/St Petersburg 1996/CBM 56 ext (51)}) (9. c3
c5 10. O-O Nbd7 11. Ndf3 a6 12. a4 Re8 13. Re1 Qc7 14. Nxd7 Nxd7 15. Bg3 Bd6
$11 {0-1 Azzopardi,C-Jhunjhnuwala,N/Luzern 1982/EXT 97-B (40)}) 9... Ne4 10.
Bxe7 Qxe7 11. O-O Nd7 12. c3 (12. Ndf3 Ndf6 13. Qe1 a5 14. Qh4 Ba6 $132 {
1-0 Rosandic,D-Tomasic,R/Porec 1994/EXT 97 (41)}) 12... Nxd2 (12... Nxe5 13.
fxe5 f5 14. exf6 Nxf6 15. Nf3 Ng4 (15... Nd7 16. Re1 e5 17. e4 Rae8 (17... exd4
18. exd5 Qf7 19. c4 $14) 18. exd5 Bxd5 19. Be4 $16 {1/2-1/2 Zhu Chen-Xu Yuhua/
Halle 1995/EXT 97 (32)}) 16. Re1 e5 17. e4 exd4 18. exd5 Ne3 19. Nxd4 Rf2 $1
20. Qg4 $1 Nxg4 21. Rxe7 Bxd5 22. Be4 $11) 13. Qxd2 c5 (13... Nxe5 14. fxe5 f6
15. exf6 Rxf6 16. Rxf6 Qxf6 17. Rf1 Qe7 18. Qf2 Bc6 $11) 14. Rf3 Nxe5 15. fxe5
f6 16. exf6 Rxf6 17. Rxf6 Qxf6 18. Rf1 Qe7 19. Qf2 Bc6 $11 {1/2-1/2 Condie,
M-Corral Blanco,J/Groningen 1981/EXT 2000 (29)}) (8... Nfd7 $1 {In my opinion
- the best way to solve opening problems.} 9. Bxe7 Qxe7 10. f4 c5 (10... Nxe5
11. fxe5 c5 12. c3 O-O 13. O-O Ba6 14. Bxa6 Nxa6 15. Qg4 (15. Qe2 Nc7 $11 {
1/2-1/2 Seul,G-Panzer,P/Germany 1992/GER-chT (61)}) 15... Nb8 16. Rf3 Nd7 17.
Rh3 f5 $11 {1/2-1/2 Kovacevic,V-Zude,A/GER 1991/TD (38)}) (10... Ba6 11. Bxa6
Nxa6 12. O-O O-O 13. c3 c5 14. Qa4 Nab8 $11 {1/2-1/2 Kovacevic,V-Uhlmann,W/
Sarajevo 1982/MCD (17)}) 11. c3 Nc6 12. O-O O-O $11 (12... O-O-O $6 13. a4 c4
14. Bc2 Ndxe5 15. fxe5 f6 16. exf6 gxf6 17. e4 $14 {1-0 Giardelli,S-Etcheguia,
R/Buenos Aires 1987/EXT 2000 (29)})) (8... Nbd7 9. f4 Ne4 10. Bxe7 Qxe7 11. O-O
O-O-O 12. a4 Nxe5 13. fxe5 a5 14. c4 (14. c3 $132) (14. Bxe4 dxe4 15. c3 {
[%cal Gb2b4]}) 14... Qg5 15. Rf4 $132 (15. Qe2 Nxd2 16. Qxd2 dxc4 17. h4 (17.
Bxc4 Rxd4 $3 $19) 17... Qxh4 (17... Qxg2+ 18. Qxg2 Bxg2 19. Kxg2 cxd3 20. Rxf7
$132) 18. Bxc4 $15 {1/2-1/2 Moxley,C-Wilson,J/England 1997/EXT 99 (26)})) 9. f4
$5 {This move with eventual Attack on the kingside can justify previous modest
play.} ({Equal position also after} 9. O-O Nbd7 (9... Nfd7 10. Qh5 O-O $132)
10. Qe2 Nxe5 11. dxe5 Nd7 12. Bg3 Nc5 13. Qg4 g6 14. h4 h5 15. Qf4 g5 16. hxg5
Bxg5 17. Qd4 h4 18. Bh2 Nxd3 19. cxd3 h3 $1 $17 (19... c5 $6 20. Qg4 Kd7 $15 {
1/2-1/2 Armas,J-Hulak,K/Moscow 1994/CBM 44 ext (42)})) 9... c5 (9... Nfd7 10.
Bxe7 Qxe7 11. O-O c5 (11... O-O 12. c3 (12. c4 c5 $132) 12... c5 13. Qh5 Nxe5
14. fxe5 Nd7 15. Rf3 f5 $14 (15... f6 16. Qg6 f5 17. g4 $16))) 10. c3 Nc6 ({
Acceptable also} 10... Nfd7 11. Bxe7 Qxe7 12. O-O Nc6 13. Qh5 O-O 14. Nxd7 Qxd7
15. f5 exf5 16. Bxf5 Qe7 {[%csl Re3][%cal Ge7g5]} 17. Rae1 Rad8 $132 {[%cal
Gd8d6]} (17... Qg5 18. Qxg5 hxg5 19. e4 $16 {[%csl Rc5,Rg5][%cal Gd2e4]})) 11.
O-O b5 $2 {Serious mistake! Black doesn't feel danger and just promotes
White's activity on the kingside.} ({Right was} 11... O-O 12. Qf3 Rc8 13. Rad1
$132) 12. f5 exf5 ({After} 12... Nxe5 13. dxe5 {White reaches advantage:} Nd7
$5 (13... Nh7 14. fxe6 $1 Bxh4 15. Rxf7 Bg5 16. Qh5 $18) (13... Ne4 14. fxe6 $1
(14. Bxe7 Qxe7 $132) 14... Bxh4 (14... fxe6 15. Qh5+ Kd7 16. Bxe7 $18 {[%cal
Gf1f7]}) 15. Rxf7 Bc8 16. Qh5 Bxe6 17. Rb7+ Kf8 18. Nxe4 dxe4 19. Rf1+ Kg8 20.
Qg6 $18) 14. fxe6 Nxe5 15. Qh5 Bxh4 16. exf7+ (16. Rxf7 Qg5 $19) 16... Kf8 17.
Qxe5 Bf6 18. Qe6 Qe7 19. Qxe7+ Kxe7 20. Bg6 $16) 13. Rxf5 Nxe5 14. Rxe5 $1 {
[%csl Re7][%cal Ge5e7]} (14. dxe5 Nd7 15. e6 $5 O-O (15... Bxh4 16. Rxf7 Ne5
17. Rxg7 $1 $16 {[%cal Gd1h5]}) 16. Bxe7 (16. exf7+ Rxf7 17. Rxf7 Kxf7 $15)
16... Qxe7 17. exd7 Qxe3+ 18. Rf2 Qxd3 19. Nb3 Qxd1+ 20. Rxd1 c4 21. Nc5 Bc6
22. Re1 Rad8 23. Re7 f6 24. Ne6 Rxd7 25. Rxd7 Bxd7 26. Nxf8 Kxf8 $44) 14... Qb6
(14... O-O 15. Qf3 Qd6 16. Rf1 Rae8 (16... Rac8 17. Qf5 $16) 17. Qg3 $16 {
Donination! All White forces take part in Attack.}) 15. Qf3 c4 16. Bc2 g5 {
Follows further weakening of position, but what to do?} (16... Qd6 17. e4 g5
18. Rf1 gxh4 19. Qxf6 Qxf6 20. Rxf6 $16) 17. Bg3 Nd7 18. Rf5 f6 {[%csl Re6,Re8,
Rf7][%cal Ge8h5,Rh5e8] Position of black is similar to a sieve...} 19. Rxd5 $1
Kf8 (19... Bxd5 20. Qxd5 Rc8 21. Bg6+ Kd8 22. a4 $16) 20. Be4 Bxd5 21. Bxd5 Rd8
$8 {The only defence of Qh5 threat} 22. Qh5 Ne5 23. e4 Kg7 $8 24. Bxe5 Rxd5 25.
Bxf6+ $1 Bxf6 26. exd5 Bxd4+ $1 27. Kh1 Bf6 28. Ne4 $16 {White advantage was
transformated into P over} Rf8 $8 29. Qg4 (29. Re1 $1 Bd8 30. d6 Qc6 (30... Qe3
31. Qd1 Qb6 32. Qd5 $18) 31. Qg4 Re8 32. Qf5 $16) 29... Qe3 30. Qe6 (30. Rf1 $2
Be7 $1 (30... Qd3 31. Qf5 $18) 31. Rd1 Rf4 32. Ng3 $5 Rxg4 33. Nf5+ Kf6 34.
Nxe3 Re4 35. Nf1 Bd6 36. Ng3 (36. g3 Re2 37. Rd2 Rxd2 38. Nxd2 Ke5 $15) 36...
Bxg3 37. hxg3 Ke7 $44) ({Also good is} 30. Rd1 $1 Be5 31. d6 (31. g3 Bf4 32.
Nd2 Bd6 33. Qd7+ Rf7 34. Qxd6 Qe2 35. Rb1 Qxd2 36. Qe5+ Kg8 37. Qe4 Kg7 $14)
31... Bf4 (31... Qd3 32. Ng3 Bxg3 33. hxg3 Rf1+ 34. Rxf1 Qxf1+ 35. Kh2 $18) 32.
Qf3 Qxf3 33. gxf3 $16) 30... Bd8 31. h3 (31. Nd6 Qxe6 32. dxe6 Rf2 $44) (31.
Ng3 Qxe6 32. dxe6 Rf2 33. Re1 Be7 $44) 31... Qf4 $2 $18 ({Very strong was} 
31... Qe2 $1 $16 {[%csl Rb2,Gd1,Ge1,Gf1][%cal Ge2e6,Gf8f1] with complex play:}
32. Nxg5 Rf1+ 33. Kh2 Bc7+ 34. d6 Rf2 35. Qd7+ Kg6 36. Qc6 Ba5 37. Nf3 $1 Rxg2+
38. Kh1 {[%cal Gf3h4,Gd6d7,Ga1g1]} Kh7 39. Rg1 Rxg1+ 40. Nxg1 Qxb2 41. Qxa6 (
41. Qc7+ Bxc7 42. dxc7 Qxc3 43. c8=Q Qa3 44. Qf5+ Kg7 45. Qc2 (45. Nf3 Qxa2 46.
Ne5 Qa1+ 47. Kg2 Qb2+ 48. Kf3 Qc3+ 49. Kg4 Qd4+ 50. Kh5 Qd1+ $44) 45... c3 46.
Ne2 b4 47. Nd4 (47. Nf4 Kf6 48. Qg6+ Ke5 49. Nd3+ Kd4 50. Qd6+ Ke3 $11) 47...
Qa5 48. Nf5+ $14) 41... Bxc3 42. Qb7+ Kg6 43. d7 Be5 (43... Bf6 44. a4 c3 45.
Qc6 {[%cal Gd7d8]} Qd2 46. axb5 c2 47. d8=Q Qxd8 48. Qxc2+ $16) 44. Qe4+ Kf7
45. Qxe5 Qxe5 46. d8=Q $16) 32. Rd1 ({Also leads to White's victory} 32. Re1 $5
$18 {[%csl Ra6][%cal Ge6a6]} Qh4 (32... Bc7 33. d6 $18) 33. Nc5 Qf2 34. Qe5+
Bf6 (34... Kg8 35. Ne6 Bf6 36. Qe4 Rf7 37. d6 Qd2 38. d7 $1 Qxd7 (38... Rxd7
39. Nxg5 $18) 39. Qg6+ Bg7 40. Nxg7 Rxg7 41. Re8+ $18) 35. Ne6+ Kg8 36. Qe4 (
36. Qe2 Qxe2 37. Rxe2 Re8 38. g4 Kf7 39. Kg2 $16) 36... Rf7 37. d6 Qd2 38. d7
$1 $18) 32... Qe3 33. Qg4 (33. Nd6 $4 Qxe6 34. dxe6 Be7 35. Ne4 Rf5 $44) 33...
Bb6 34. Ng3 (34. d6 $4 Rf4 35. Qd7+ Rf7 36. Qe6 Qe2 $1 $44 {[%csl Rh1][%cal
Gf7f1]} 37. Qe5+ $11) 34... Kh8 (34... Qf2 35. d6 $18) 35. Qe6 $4 $44 {
Terrible move. Instead of this blunder} (35. Nf5 $6 Qf2 36. Ng3 $18 (36. Nxh6
$4 Re8 37. Nf7+ (37. Kh2 Be3 $44) 37... Qxf7 38. Qxg5 Be3 $44)) ({Was
necessary to play} 35. d6 $1 a5 36. d7 Qe5 37. Ne4 $18) 35... Qxe6 36. dxe6 Re8
37. Nf5 Rxe6 38. g4 Bc7 39. Rd2 Bf4 40. Rc2 h5 41. Kg2 hxg4 42. hxg4 Re1 43. b3
cxb3 44. axb3 (44. axb3 Rb1 45. b4 $11 (45. Nd4 $11)) 1/2-1/2

[Event "FIDE-Wch k.o."]
[Site "New Delhi/Teheran"]
[Date "2000.11.27"]
[Round "1.1"]
[White "Speelman, Jonathan S"]
[Black "Macieja, Bartlomiej"]
[Result "1-0"]
[WhiteElo "2623"]
[BlackElo "2536"]
[Annotator "Tsesarsky,I"]
[PlyCount "69"]
[EventDate "2000.11.27"]
[EventType "k.o."]
[EventRounds "7"]
[EventCountry "IND"]
[SourceTitle "CBM 080"]
[Source "ChessBase"]
[SourceDate "2001.01.25"]
[SourceVersion "1"]
[SourceVersionDate "2001.01.25"]
[SourceQuality "1"]

{[%mdl 512]} 1. Nf3 Nf6 2. d4 e6 3. c3 c5 4. Bg5 cxd4 5. cxd4 Qb6 6. Qc2 Nc6 7.
Bxf6 gxf6 8. e3 {Of course, opening strategy like this cannot be recommended
for White. Black equalizes without problems by various ways.} d5 ({Possible
also} 8... Nb4 9. Qd2 d5 10. a3 Nc6 11. Nc3 Bd7 12. Bd3 $11 {1-0 Olbrich,
M-Maria,L/Moscow 1994/EXT 99 (49)}) 9. Nc3 Bd7 ({Or} 9... f5 10. Bb5 Bd7 11.
Bxc6 Bxc6 12. O-O Bg7 $11 {1-0 Meduna,E-Maus,S/Gausdal 1988/EXT 97 (23)}) 10.
Be2 Rc8 ({Black equalized also after} 10... Be7 11. O-O O-O 12. Na4 Qc7 13. Nc5
Rfc8 14. Nxd7 Qxd7 15. Qa4 Ne5 16. Qxd7 Nxd7 $11 {0-1 Larsen,B-Portisch,L/
Tilburg 1980/MCD (65)}) 11. O-O (11. Rc1 Na5 12. O-O Bg7 13. Qb1 O-O 14. Bd3 f5
15. Ne2 Bb5 $11 {1/2-1/2 Boehm,R-Liebert,H/GER 1998/EXT 2000 (20)}) 11... f5 (
11... Ne7 12. Qb3 Qxb3 13. axb3 Nc6 14. Rfc1 Bd6 $11 {0-1 Franke,H-Ribli,Z/
Germany 1988/GER-chT (55)}) ({Not bad looks} 11... Na5 $5 12. Rab1 Nc4 13. e4
dxe4 14. Qxe4 Nd6 15. Qh4 {and here} Be7 (15... Nf5 $6 16. Qxf6 Bg7 17. Qg5 h6
18. Qg4 $14) (15... Bg7 16. Bd3 f5 (16... h6 17. d5 $1 $14 {0-1 Koenig,
D-Baklan,V/Passau 1997/EXT 99 (33)}) 17. d5 $132) 16. Rfd1 Nf5 $11) 12. Rfc1 {
This position is equal, but not drawn...} Nb8 $6 $14 {Strange move. I can't
explain this move idea. Black yields central square e5...} (12... Bg7 $11 {
[%cal Ge8g8]}) 13. Ne5 $1 Bd6 (13... Bg7 14. f4 $14 {[%cal Ge2h5,Gg2g4]}) 14.
f4 $1 {Position is closed, so Black's pair of BB is not so important. In other
hand, doubled PPf are certain weakness in the Black camp.} O-O {Early or late
White will play g2-g4 to open g-file for K attack.} 15. Bh5 $5 ({Interesting
also} 15. Kh1 {[%cal Gg2g4]} Be8 {[%cal Gf7f6]} 16. Nd3 $14) 15... f6 16. Nxd7
Nxd7 17. Qe2 Bb4 ({Natural looks} 17... Kh8 $6 {[%csl Rf7] but this move
weakens f7 square.} 18. Rc2 {[%cal Ga1c1]} Rc6 (18... Rg8 $4 19. Bf7 $18) 19.
Rac1 Rfc8 20. Bf7 $1 Bb4 21. Na4 (21. Bxe6 $5 Rxe6 22. Nxd5 Rxc2 23. Qxc2 Qa5
24. Qxf5 Rc6 $8 25. Rxc6 bxc6 26. Qxd7 cxd5 $11) 21... Qa5 22. Rxc6 Rxc6 23.
Rxc6 bxc6 24. Qc2 Nf8 25. Kf1 (25. Qxc6 $5 Bd2 26. Kf1 (26. Kf2 Be1+ 27. Kg1
Qd2 $19) 26... Bxe3 27. Qd6 Qb5+ 28. Ke1 Kg7 29. Qe7 Ng6 30. Bxg6+ Kxg6 31.
Qxe6 Bxd4 32. Qg8+ $11) 25... Qa6+ 26. Kf2 Qb7 27. Be8 Nd7 28. Bxd7 Qxd7 29. a3
$14) 18. Kh1 Kh8 19. Rab1 $5 {This interesting move is connected with P
sacrifice.} Qa5 {Black refused to take material} ({After} 19... Bxc3 20. bxc3
Rxc3 21. Qe1 $1 (21. Rxc3 Qxb1+ 22. Qd1 Qxd1+ 23. Bxd1 Nb6 $15) 21... Rxc1 22.
Qxc1 {White keep slight advantage:} Qc6 (22... Qa6 23. a3 $1 Qc4 24. Qxc4 dxc4
25. Rxb7 Rb8 26. Rxb8+ Nxb8 27. Kg1 c3 (27... Nd7 28. Kf1 Kg7 (28... Nb6 29.
Bf7 $16) 29. Ke2 Nb6 30. Kd2 Nd5 31. Bf3 $14 (31. Be2 c3+ 32. Kd3 c2 33. Kd2
Nxe3 34. g3 Kf8 35. Bd3 Ke7 36. Bxc2 Nf1+ $17)) 28. Bd1 $16) 23. Qxc6 bxc6 24.
Rb7 Rb8 25. Rxb8+ Nxb8 26. Bf7 e5 27. Be6 Na6 28. Bxf5 $14) 20. Rg1 $1 {
White continues to offer material sacrifice!} Qa6 (20... Bxc3 21. bxc3 {
[%csl Rb7][%cal Gb1b7]} b6 {[%csl Rc3]} 22. g4 Qxc3 23. gxf5 $14) 21. Nb5 $6
$132 {[%cal Gg2g4] White avoids QQ exchange.} ({...but better was} 21. Qxa6
bxa6 22. Rgc1 $14) 21... Qb6 $6 ({Why not} 21... Qxa2 $1 22. Ra1 (22. g4 a6 $1
(22... Qc4 23. gxf5 $14) 23. gxf5 exf5 (23... axb5 24. fxe6 $1 (24. Qxb5 {
[%csl Rb4,Rd7]} Qa5 $1 25. Qxa5 (25. Qxd7 Rc7 26. Qxe6 Re7 $19 {[%csl Re6]})
25... Bxa5 26. fxe6 Nb8 $15) 24... Nb8 25. Bf7 $18) 24. Na7 (24. Nc3 Bxc3 25.
bxc3 Qxe2 26. Bxe2 b5 $17) 24... Rc7 25. Qg2 Nb6 26. Rbc1 (26. Rbf1 Qb3 27. Rf3
Qc2 $17) 26... Nc4 27. Qxd5 Bd2 $132) 22... Qc4 $1 23. Rxa7 Qxe2 24. Bxe2 Rc2
$132) 22. a3 a6 (22... Be7 23. Nc3 $14) 23. Na7 $5 {White plays with fantasy.}
(23. axb4 $144 axb5 (23... Qxb5 $2 24. Qxb5 axb5 25. Be2 Rc2 26. Bxb5 Nb6 27.
Bd3 $16) 24. g4 fxg4 25. Qxg4 Rg8 26. Qh3 f5 $1 (26... Rxg1+ 27. Rxg1 Rg8 28.
Bf7 {[%csl Re6]} Rxg1+ 29. Kxg1 Qc6 30. Qxe6 $18) 27. Bf7 (27. Bg6 Nf6 28. Qh4
Qd8 29. Bf7 Ng4 $1) 27... Rgf8 28. Bg6 Nf6 29. Qh6 Qc7 $11) 23... Qxa7 24. axb4
Qb6 25. g4 $5 {The spirit of this move was present during some last moves.}
fxg4 26. Qxg4 Rg8 $8 27. Qh4 Qd6 $1 (27... Qxb4 28. Rxg8+ Rxg8 29. Bf7 Rg7 30.
Bxe6 Qd6 31. Bf5 $14) 28. f5 $5 exf5 (28... e5 $2 29. Bf7 Rgd8 (29... Rgf8 30.
Be6 $18 {[%csl Rh8][%cal Gg1g3]}) 30. Qg3 Qf8 31. Bxd5 $16) 29. Bg6 {Until
this moment Black played well in passive position...} Qe7 $6 $14 (29... Rg7 $1
30. Bxf5 Rcg8 $11) 30. Bxf5 Rxg1+ $4 $18 {Yields g-file and the game.} ({
After right move} 30... Rg5 $1 31. Bxd7 Qxd7 32. Rxg5 fxg5 33. Qxg5 Qe6 {
[%csl Rh1,Rh8][%cal Ge6e4]} 34. Qf4 $14 {White has only slight advantage
despite of P advantage.}) 31. Rxg1 Rf8 (31... Rd8 32. Qg3 $18) (31... Rg8 32.
Rxg8+ Kxg8 33. Qg4+ $18 {[%csl Rd7]}) 32. Qg4 Nb6 33. Be6 $1 {[%cal Gg4g8]
Threatening mate.} h5 34. Qf4 Qh7 35. Bf5 1-0

[Event "ISR-ch"]
[Site "Ramat Aviv"]
[Date "1998.11.11"]
[Round "2.2"]
[White "Tyomkin, Dimitri"]
[Black "Greenfeld, Alon"]
[Result "1/2-1/2"]
[WhiteElo "2465"]
[BlackElo "2535"]
[Annotator "Tyomkin,D"]
[PlyCount "143"]
[EventDate "1998.11.08"]
[EventType "k.o."]
[EventRounds "5"]
[EventCountry "ISR"]
[SourceTitle "CBM 068"]
[Source "ChessBase"]
[SourceDate "1999.02.01"]
[SourceVersion "1"]
[SourceVersionDate "1999.02.01"]
[SourceQuality "1"]

{Draw in this game was enough for me to qualify to the next stage.} 1. d4 Nf6
2. Nf3 e6 3. Bg5 c5 4. e3 Qb6 5. Qc1 (5. Nbd2 {sacrifises pawn-b2.But I didn't
want to take risk in so early stage.}) 5... Ne4 6. Bf4 Be7 7. c3 g5 $5 {
Alon looks for complications.} (7... O-O 8. Nbd2 $14) 8. Be5 f6 9. Bxb8 Rxb8
10. Nfd2 Nxd2 11. Nxd2 d5 12. Be2 h5 13. Qc2 f5 14. O-O (14. Nf3 $1 {[%cal
Gf3e5]}) 14... Bd7 $1 (14... h4 15. c4 $1 {Using advantage in development.}
cxd4 16. exd4 Qxd4 17. cxd5 $36) 15. Nf3 (15. c4 $6 Rc8 $1) 15... Bf6 16. Ne5
Bc6 (16... Bxe5 17. dxe5 {[%cal Gf2f4]}) 17. b4 $2 {Not neccesary at all.I
tryed to get initiative,but later on understood that I should look for the
balance after this careless move.Actually I missed strong poitional move:} (17.
Nd3 $1 {with advantage.} c4 18. Nc5 {[%cal Gb2b3]}) 17... Bxe5 18. dxe5 (18.
bxc5 $6 Qc7) 18... cxb4 19. cxb4 Qxb4 20. Rab1 Qa4 (20... Qa5 $2 21. Qxc6+ $1 {
[%csl Rb8]}) 21. Qc5 {[%cal Rc5d6]} Kf7 22. Qd6 Rbe8 $1 {[%cal Ge8e7,Ya4a5,
Ya5d8]} (22... Rbd8 $2 23. Bxh5+) (22... Rbc8 $6 23. Rfc1 Qxa2 24. Rxb7+ $11)
23. a3 g4 24. Rfc1 (24. Bd3 Rd8 $1) 24... Re7 25. Bd3 Qa5 $2 (25... Rd7 $142)
26. Bxf5 $1 Qd8 27. Rxc6 $1 {[%mdl 64] The endgame was unpleasant for me.} (27.
Qxd8 Rxd8 28. Bc2 d4 $5) 27... bxc6 28. Bxe6+ Kg7 29. Qxc6 (29. Bxd5 $2 Qxd6
30. exd6 Rd7 31. Bxc6 Rxd6 $17) 29... Rh6 30. Qxd5 Qxd5 {[%mdl 4096]} 31. Bxd5
Rxe5 32. Rb7+ Kf8 33. e4 Ra6 34. Rb3 $2 {missing next trick:} (34. f4 $1 gxf3
35. Rf7+ Ke8 36. Rxf3) 34... Rb6 35. Rxb6 axb6 36. f3 (36. a4 Re7 37. Kf1 $5 (
37. f3 {-36.f3}) 37... Ra7 (37... Rc7 38. Bb3) 38. Bb3 Ke7 39. Ke2 Kd6 40. f3)
36... Re7 37. Kf2 $4 {Time-trouble mistake.} (37. a4 Ra7 38. Bb3 $1 (38. Bc6 $2
Rc7 39. Bb5 gxf3 40. gxf3 Rc2 $19)) 37... Ra7 $4 {Alon is also in time-trouble
and misses the chance.} (37... gxf3 $1 38. gxf3 Ra7 $19) 38. fxg4 hxg4 39. Be6
Rxa3 40. Bxg4 Ra2+ 41. Ke3 $1 (41. Be2 b5 $19 {[%csl Re2,Rf2]}) 41... Rxg2 42.
h3 Rc2 43. Kd3 Rc1 44. Kd4 Ke7 45. e5 b5 46. Be2 b4 {In this stage all the
spectators including my close friends from Beer-Sheva didn't believe that I
can save the game.But I fight to the end.} 47. Bc4 Rc3 48. Bd3 Ra3 49. Kc4 $1
Rc3+ 50. Kd4 Kd7 51. h4 Rc1 52. h5 Rh1 53. Kc4 Rh4+ 54. Kb3 Rh3 55. Kc4 Ke6 56.
h6 b3 {[#]} {[%tqu "En","Find the only way to make a draw","","","c4d4","The
most difficult move for me in this championship.I spended 15minutes out from
my last 20 and finally found the idea. The idea is to control b-pawn with the
bishop defending e-pawn with the king.",20,"h6h7","",0]} 57. Kd4 $3 {The most
difficult move for me in this championship.I spended 15minutes out from my
last 20 and finally found the idea. The idea is to control b-pawn with the
bishop defending e-pawn with the king.} (57. h7 b2 58. Bb1 Kxe5 59. Kb4 Kf6 60.
Kc4 Kg7 61. Kb4 Rh1 $19) 57... b2 58. Bb1 $1 Kf7 (58... Rh1 59. Ba2+ Kf5 {
or 59...Ke7} 60. h7 $1 {That's the point!}) 59. h7 Kg7 60. e6 Kf6 {[%tqu "En",
"","","","d4d5","Continuing with the plan.",10]} 61. Kd5 $1 {Continuing with
the plan.} Ke7 62. Ke5 $1 Rh1 63. Bg6 Rh6 64. Bb1 Rh5+ 65. Kd4 Rh3 (65... Kxe6
66. Kc3) 66. Ke5 Rh4 67. Bg6 Rh1 68. Bc2 Rh4 69. Bg6 Rh5+ 70. Kd4 Rh3 71. Ke5
Rh1 72. Bc2 1/2-1/2